Divisional performance: measurement and control (Record no. 75536)
[ view plain ]
| 000 -LEADER | |
|---|---|
| fixed length control field | 01524nam a2200241 a 4500 |
| 008 - FIXED-LENGTH DATA ELEMENTS--GENERAL INFORMATION | |
| fixed length control field | 080109s1965 ||||||||||||||||| || u |
| 020 ## - INTERNATIONAL STANDARD BOOK NUMBER | |
| International Standard Book Number | 0910129002 |
| 050 ## - LIBRARY OF CONGRESS CALL NUMBER | |
| Classification number | HD 31 Sol |
| 100 ## - MAIN ENTRY--PERSONAL NAME | |
| Personal name | Solomons, David |
| 245 10 - TITLE STATEMENT | |
| Title | Divisional performance: measurement and control |
| 260 ## - PUBLICATION, DISTRIBUTION, ETC. | |
| Place of publication, distribution, etc. | New York |
| Name of publisher, distributor, etc. | Markus Weiner |
| Date of publication, distribution, etc. | 1965 |
| 300 ## - PHYSICAL DESCRIPTION | |
| Extent | xii, 308p. : ill. |
| 350 ## - | |
| -- | 0.00 |
| 650 ## - SUBJECT ADDED ENTRY--TOPICAL TERM | |
| Topical term or geographic name entry element | MANAGEMENT PERFORMANCE |
| 650 #0 - SUBJECT ADDED ENTRY--TOPICAL TERM | |
| Topical term or geographic name entry element | MANAGEMENT |
| 995 ## - | |
| -- | TEXTBOOKS (SB) |
| -- | 0.00 |
| -- | 1074 |
| -- | CBU-SCHOOL TEXTBOOK COLLECTIONS |
| -- | 1 |
| -- | 0.00 |
| -- | SCHOOL TEXTBOOK |
| -- | 5 |
| -- | AVAILABLE |
| -- | Sep 15, 2009 |
| -- | 1074 |
| -- | School Collections |
| 995 ## - | |
| -- | ANNEX COLLECTION (Main Library) |
| -- | 0.00 |
| -- | 708527 |
| -- | CBU-MAIN LIBRARY (Kitwe) |
| -- | 2 |
| -- | 6.00 |
| -- | HD 31 Sol |
| -- | 1 |
| -- | AVAILABLE |
| -- | 003447 |
| -- | Annex Low-Usage Collection |
| 995 ## - | |
| -- | TEXTBOOKS (SB) |
| -- | 0.00 |
| -- | 1072 |
| -- | CBU-SCHOOL TEXTBOOK COLLECTIONS |
| -- | 1 |
| -- | 0.00 |
| -- | SCHOOL TEXTBOOK |
| -- | 3 |
| -- | AVAILABLE |
| -- | Sep 15, 2009 |
| -- | 1072 |
| -- | School Collections |
| 995 ## - | |
| -- | TEXTBOOKS (SB) |
| -- | 0.00 |
| -- | 01448 |
| -- | CBU-SCHOOL TEXTBOOK COLLECTIONS |
| -- | 1 |
| -- | 0.00 |
| -- | SCHOOL TEXTBOOK |
| -- | 7 |
| -- | AVAILABLE |
| -- | Sep 22, 2009 |
| -- | 01448 |
| -- | School Collections |
| 995 ## - | |
| -- | TEXTBOOKS (SB) |
| -- | 0.00 |
| -- | 1075 |
| -- | CBU-SCHOOL TEXTBOOK COLLECTIONS |
| -- | 1 |
| -- | 0.00 |
| -- | SCHOOL TEXTBOOK |
| -- | 6 |
| -- | AVAILABLE |
| -- | Sep 15, 2009 |
| -- | 1075 |
| -- | School Collections |
| 995 ## - | |
| -- | TEXTBOOKS (SB) |
| -- | 0.00 |
| -- | 1073 |
| -- | CBU-SCHOOL TEXTBOOK COLLECTIONS |
| -- | 1 |
| -- | 0.00 |
| -- | SCHOOL TEXTBOOK |
| -- | 4 |
| -- | AVAILABLE |
| -- | Sep 15, 2009 |
| -- | 1073 |
| -- | School Collections |
| 995 ## - | |
| -- | ANNEX COLLECTION (Main Library) |
| -- | 0.00 |
| -- | 708528 |
| -- | CBU-MAIN LIBRARY (Kitwe) |
| -- | 1 |
| -- | 6.00 |
| -- | HD 31 Sol |
| -- | 2 |
| -- | AVAILABLE |
| -- | 003448 |
| -- | Annex Low-Usage Collection |
| 999 ## - | |
| -- | 75536 |
| -- | 75536 |
| Withdrawn status | Lost status | Source of classification or shelving scheme | Damaged status | Not for loan | Permanent Location | Current Location | Shelving location | Date acquired | Total Checkouts | Full call number | Barcode | Date last seen | Copy number | Price effective from | Koha item type |
|---|---|---|---|---|---|---|---|---|---|---|---|---|---|---|---|
| CBU-MAIN LIBRARY, KITWE. | CBU-MAIN LIBRARY, KITWE. | 02/22/2023 | SCHOOL TEXTBOOK | 1074 | 02/22/2023 | 1 | 02/22/2023 | MONOGRAPH | |||||||
| CBU-MAIN LIBRARY, KITWE. | CBU-MAIN LIBRARY, KITWE. | 02/22/2023 | HD 31 Sol | 003447 | 02/22/2023 | 2 | 02/22/2023 | MONOGRAPH | |||||||
| CBU-MAIN LIBRARY, KITWE. | CBU-MAIN LIBRARY, KITWE. | 02/22/2023 | SCHOOL TEXTBOOK | 1072 | 02/22/2023 | 3 | 02/22/2023 | MONOGRAPH | |||||||
| CBU-MAIN LIBRARY, KITWE. | CBU-MAIN LIBRARY, KITWE. | 02/22/2023 | SCHOOL TEXTBOOK | 01448 | 02/22/2023 | 4 | 02/22/2023 | MONOGRAPH | |||||||
| CBU-MAIN LIBRARY, KITWE. | CBU-MAIN LIBRARY, KITWE. | 02/22/2023 | SCHOOL TEXTBOOK | 1075 | 02/22/2023 | 5 | 02/22/2023 | MONOGRAPH | |||||||
| CBU-MAIN LIBRARY, KITWE. | CBU-MAIN LIBRARY, KITWE. | 02/22/2023 | SCHOOL TEXTBOOK | 1073 | 02/22/2023 | 6 | 02/22/2023 | MONOGRAPH | |||||||
| CBU-MAIN LIBRARY, KITWE. | CBU-MAIN LIBRARY, KITWE. | 02/22/2023 | HD 31 Sol | 003448 | 02/22/2023 | 7 | 02/22/2023 | MONOGRAPH |